[Event "SVK-chT4 A21 2122"]
[Site "Slovakia"]
[Date "2022.02.06"]
[Round "8.3"]
[White "Podjavorinsky, Peter"]
[Black "Adamec, Jozef"]
[Result "1/2-1/2"]
[WhiteElo "1562"]
[BlackElo "1431"]
[PlyCount "55"]
[EventDate "2021.10.17"]
[EventType "team-tourn"]
[EventRounds "11"]
[EventCountry "SVK"]
[SourceTitle "EXT 2023"]
[Source "ChessBase"]
[SourceDate "2022.10.05"]
[SourceVersion "1"]
[SourceVersionDate "2022.10.05"]
[SourceQuality "1"]
[WhiteTeam "Vrbove II"]
[BlackTeam "Smolenice"]
[WhiteTeamCountry "SVK"]
[BlackTeamCountry "SVK"]

1. e4 e5 2. Nf3 d6 3. Bc4 Be7 4. d4 exd4 5. Nxd4 Nf6 6. Nc3 0-0 7. 0-0 Ng4 8. h3 Ne5 9. Bb3 c5 10. Nf3 Nxf3+ 11. Qxf3 Be6 12. Nd5 Nc6 13. c3 Ne5 14. Qe2 a6 15. a4 Rb8 16. a5 Bxd5 17. Bxd5 Ng6 18. f4 Bh4 19. Qg4 Bf6 20. Qh5 Kh8 21. Bc4 Qe7 22. Bd5 Rbc8 23. g4 Qd7 24. g5 Be7 25. f5 Ne5 26. Bxf7 Nxf7 27. g6 h6 28. gxf7 1/2-1/2

[Event "SVK-chT3A2 2122"]
[Site "Slovakia"]
[Date "2022.01.30"]
[Round "8.6"]
[White "Novomeska, Karin"]
[Black "Podjavorinsky, Peter"]
[Result "0-1"]
[WhiteElo "1546"]
[BlackElo "1578"]
[PlyCount "38"]
[EventDate "2021.10.10"]
[EventType "team-tourn"]
[EventRounds "11"]
[EventCountry "SVK"]
[SourceTitle "EXT 2023"]
[Source "ChessBase"]
[SourceDate "2022.10.05"]
[SourceVersion "1"]
[SourceVersionDate "2022.10.05"]
[SourceQuality "1"]
[WhiteTeam "Skalica"]
[BlackTeam "Vrbove"]
[WhiteTeamCountry "SVK"]
[BlackTeamCountry "SVK"]

1. d4 Nf6 2. c4 g6 3. Nc3 d5 4. e3 Bg7 5. Nf3 0-0 6. Be2 c5 7. 0-0 cxd4 8. Nxd4 a6 9. Nf3 dxc4 10. Bxc4 b5 11. Bb3 Bb7 12. Ng5 e6 13. Qc2 Qb6 14. Nge4 Nbd7 15. Rd1 Nxe4 16. Nxe4 Rac8 17. Qb1 Qc6 18. Rd6 Qc7 19. Rd2 Qc6 0-1

[Event "Liptovsky Jan Slovak op U2200"]
[Site "Liptovsky Jan"]
[Date "2021.06.18"]
[Round "3"]
[White "Lukac, Roman"]
[Black "Podjavorinsky, Peter"]
[Result "1-0"]
[WhiteElo "2063"]
[BlackElo "1624"]
[PlyCount "71"]
[EventDate "2021.06.17"]
[EventType "swiss"]
[EventRounds "7"]
[EventCountry "SVK"]
[SourceTitle "CBM 203 Extra"]
[Source "ChessBase"]
[SourceDate "2021.09.30"]
[SourceVersion "1"]
[SourceVersionDate "2021.09.30"]
[SourceQuality "1"]

1. e4 e6 2. d4 d5 3. Nc3 a6 4. Nf3 Bb4 5. e5 c5 6. a3 Ba5 7. Bd2 cxd4 8. Nxd4 Qb6 9. Nb3 Nc6 10. Be3 Bxc3+ 11. bxc3 Qc7 12. f4 Nge7 13. Bd3 Na5 14. 0-0 Nc4 15. Bd4 Nb2 16. Qd2 Nxd3 17. cxd3 Bd7 18. a4 0-0 19. a5 Rfc8 20. g4 Bb5 21. Rf3 Nc6 22. Bb6 Qe7 23. Qf2 Nb8 24. Bc5 Qe8 25. Bd4 Nd7 26. Rh3 Qf8 27. Qh4 h6 28. g5 Kh7 29. Kf2 Nc5 30. Nxc5 Rxc5 31. gxh6 gxh6 32. Bxc5 Qxc5+ 33. d4 Qf8 34. Rg1 Ba4 35. Rg5 Bd1 36. Ke1 1-0

[Event "SVK-chT4 A21 1920"]
[Site "Slovakia"]
[Date "2020.03.08"]
[Round "10.5"]
[White "Dest, Stanislav"]
[Black "Podjavorinsky, Peter"]
[Result "1/2-1/2"]
[WhiteElo "1541"]
[BlackElo "1609"]
[PlyCount "32"]
[EventDate "2019.10.13"]
[EventType "team-tourn"]
[EventRounds "11"]
[EventCountry "SVK"]
[SourceTitle "CBM 195 Extra"]
[Source "ChessBase"]
[SourceDate "2020.05.31"]
[SourceVersion "1"]
[SourceVersionDate "2020.05.31"]
[SourceQuality "1"]
[WhiteTeam "Brezova pod Bradlom"]
[BlackTeam "Vrbove"]
[WhiteTeamCountry "SVK"]
[BlackTeamCountry "SVK"]

1. d4 Nf6 2. c4 e5 3. dxe5 Ng4 4. Nf3 Nc6 5. Nc3 Ngxe5 6. e3 Bc5 7. Be2 0-0 8. 0-0 Re8 9. Nd5 a5 10. a3 Nxf3+ 11. Bxf3 Ne5 12. Be2 Ra6 13. Bd2 Qh4 14. h3 Rg6 15. Nf4 Rg5 16. Kh2 d5 1/2-1/2

[Event "SVK-chT4 A21 1819"]
[Site "Slovakia"]
[Date "2019.03.17"]
[Round "11.5"]
[White "Podjavorinsky, Peter"]
[Black "Valent, Tomas"]
[Result "1-0"]
[WhiteElo "1678"]
[BlackElo "1397"]
[PlyCount "61"]
[EventDate "2018.10.14"]
[EventType "team-tourn"]
[EventRounds "11"]
[EventCountry "SVK"]
[SourceTitle "CBM 189 Extra"]
[Source "ChessBase"]
[SourceDate "2019.06.03"]
[SourceVersion "1"]
[SourceVersionDate "2019.06.03"]
[SourceQuality "1"]
[WhiteTeam "Vrbove"]
[BlackTeam "Senica CVC II"]
[WhiteTeamCountry "SVK"]
[BlackTeamCountry "SVK"]

1. e4 e5 2. Nf3 Nc6 3. d4 exd4 4. Bc4 Bc5 5. c3 dxc3 6. Bxf7+ Kxf7 7. Qd5+ Ke8 8. Qh5+ g6 9. Qxc5 Nge7 10. Nxc3 d6 11. Qe3 Qd7 12. a3 Rf8 13. h3 b6 14. Qd3 Bb7 15. Bh6 Rf7 16. Ng5 Ne5 17. Qc2 Rf6 18. Bg7 Rf4 19. g3 Nf3+ 20. Nxf3 Rxf3 21. 0-0-0 Rf7 22. Bh6 Nf5 23. Bg5 h6 24. exf5 Bxh1 25. fxg6 Rg7 26. Rxh1 hxg5 27. Qe4+ Qe7 28. Qxa8+ Kd7 29. Qe4 Qf6 30. Re1 Qxf2 31. Qe8# 1-0

[Event "SVK-chT3A2 1718"]
[Site "Slovakia"]
[Date "2018.03.25"]
[Round "11.4"]
[White "Podjavorinsky, Peter"]
[Black "Krist, Milan"]
[Result "1/2-1/2"]
[WhiteElo "1661"]
[BlackElo "1817"]
[PlyCount "30"]
[EventDate "2017.10.08"]
[EventType "team-tourn"]
[EventRounds "11"]
[EventCountry "SVK"]
[SourceTitle "EXT 2020"]
[Source "ChessBase"]
[SourceDate "2019.10.17"]
[SourceVersion "1"]
[SourceVersionDate "2019.10.17"]
[SourceQuality "1"]
[WhiteTeam "Vrbove"]
[BlackTeam "Trnava Lokomotiva III"]
[WhiteTeamCountry "SVK"]
[BlackTeamCountry "SVK"]

1. e4 e6 2. d4 d5 3. exd5 exd5 4. Nf3 Nf6 5. Be2 Bd6 6. Bg5 0-0 7. 0-0 Bf5 8. c3 c6 9. Nbd2 Nbd7 10. Nh4 Bg6 11. Ndf3 Qc7 12. h3 Rae8 13. Bxf6 Nxf6 14. Nxg6 fxg6 15. Qc2 Ne4 1/2-1/2

[Event "SVK-chT3A2 1718"]
[Site "Slovakia"]
[Date "2018.03.04"]
[Round "10.4"]
[White "Podjavorinsky, Peter"]
[Black "Janas, Peter"]
[Result "0-1"]
[WhiteElo "1661"]
[BlackElo "1737"]
[PlyCount "76"]
[EventDate "2017.10.08"]
[EventType "team-tourn"]
[EventRounds "11"]
[EventCountry "SVK"]
[SourceTitle "EXT 2020"]
[Source "ChessBase"]
[SourceDate "2019.10.17"]
[SourceVersion "1"]
[SourceVersionDate "2019.10.17"]
[SourceQuality "1"]
[WhiteTeam "Vrbove"]
[BlackTeam "Hlohovec"]
[WhiteTeamCountry "SVK"]
[BlackTeamCountry "SVK"]

1. e4 d5 2. exd5 Qxd5 3. Nf3 Nf6 4. Nc3 Qa5 5. Be2 g6 6. 0-0 Bg7 7. d4 c6 8. Bd2 0-0 9. Qc1 Qd8 10. Bh6 Bg4 11. Bxg7 Kxg7 12. Rd1 Nbd7 13. h3 Bxf3 14. Bxf3 Qc7 15. d5 Ne5 16. Be2 cxd5 17. Nxd5 Nxd5 18. Rxd5 Rfd8 19. Rxd8 Rxd8 20. Qe3 Nc6 21. Rd1 Rxd1+ 22. Bxd1 Qe5 23. Qxe5+ Nxe5 24. Be2 g5 25. b4 f5 26. b5 b6 27. g4 f4 28. Kg2 Kf7 29. a4 Ke6 30. Bf3 Kd6 31. Be4 h6 32. h4 Nxg4 33. hxg5 hxg5 34. Kf3 Ne5+ 35. Ke2 Kc5 36. f3 Kb4 37. Bc6 Kxa4 38. c3 Kb3 0-1

[Event "SVK-chT4 A21 1718"]
[Site "Slovakia"]
[Date "2017.12.10"]
[Round "6.5"]
[White "Podjavorinsky, Peter"]
[Black "Tomasovic, Roman"]
[Result "1-0"]
[WhiteElo "1680"]
[BlackElo "1556"]
[PlyCount "49"]
[EventDate "2017.10.01"]
[EventType "team-tourn"]
[EventRounds "11"]
[EventCountry "SVK"]
[SourceTitle "EXT 2019"]
[Source "ChessBase"]
[SourceDate "2018.10.10"]
[SourceVersion "1"]
[SourceVersionDate "2018.10.10"]
[SourceQuality "1"]
[WhiteTeam "Vrbove II"]
[BlackTeam "Stefanov"]
[WhiteTeamCountry "SVK"]
[BlackTeamCountry "SVK"]

1. e4 e5 2. Nf3 Nc6 3. d4 exd4 4. Bc4 h6 5. 0-0 Bc5 6. c3 d6 7. cxd4 Bb6 8. h3 Nge7 9. Nc3 0-0 10. Be3 Ng6 11. Nd5 Re8 12. Bd3 Nce7 13. Nxb6 axb6 14. Qd2 d5 15. e5 Nf5 16. Bf4 Nxf4 17. Qxf4 Ne7 18. g4 Ng6 19. Qg3 c5 20. h4 Qd7 21. Bf5 Qb5 22. h5 Bxf5 23. gxf5 Nf8 24. f6 Qd3 25. Qxg7# 1-0

[Event "SVK-chT4 A21 1718"]
[Site "Slovakia"]
[Date "2017.11.26"]
[Round "5.3"]
[White "Podjavorinsky, Peter"]
[Black "Vepy, Ivan"]
[Result "0-1"]
[WhiteElo "1674"]
[BlackElo "1850"]
[PlyCount "96"]
[EventDate "2017.10.01"]
[EventType "team-tourn"]
[EventRounds "11"]
[EventCountry "SVK"]
[SourceTitle "EXT 2019"]
[Source "ChessBase"]
[SourceDate "2018.10.10"]
[SourceVersion "1"]
[SourceVersionDate "2018.10.10"]
[SourceQuality "1"]
[WhiteTeam "Vrbove II"]
[BlackTeam "Skalica II"]
[WhiteTeamCountry "SVK"]
[BlackTeamCountry "SVK"]

1. e4 e5 2. Nf3 Nc6 3. d4 exd4 4. Bc4 Be7 5. e5 Na5 6. Qxd4 Nxc4 7. Qxc4 d6 8. 0-0 Be6 9. Qb5+ Bd7 10. Qxb7 a5 11. exd6 cxd6 12. Re1 Nf6 13. Rxe7+ Kxe7 14. Bg5 Re8 15. Nc3 Kf8 16. Nd5 Qb8 17. Qxb8 Raxb8 18. Bxf6 gxf6 19. Nxf6 Re7 20. Nxd7+ Rxd7 21. b3 a4 22. bxa4 Rb2 23. Nd4 Ra7 24. Nf5 d5 25. g3 Rab7 26. Rd1 Rb1 27. Rxb1 Rxb1+ 28. Kg2 Ra1 29. Ne3 Rxa2 30. Nxd5 Rxc2 31. h4 Ra2 32. Nf6 Kg7 33. Ne8+ Kg6 34. Nc7 Rxa4 35. Nd5 Kf5 36. Ne3+ Ke4 37. Ng4 Ra6 38. Nh2 f5 39. Nf3 h6 40. Nd2+ Kd3 41. Nf3 f4 42. Ne1+ Ke2 43. Nf3 fxg3 44. Ng1+ Kd3 45. fxg3 Ke3 46. g4 Kf4 47. g5 h5 48. Ne2+ Kg4 0-1

[Event "SVK-chT4 A21 1516"]
[Site "Slovakia"]
[Date "2016.02.28"]
[Round "9.4"]
[White "Podjavorinsky, Peter"]
[Black "Lauko, Tomas"]
[Result "1/2-1/2"]
[WhiteElo "1690"]
[BlackElo "1680"]
[PlyCount "40"]
[EventDate "2015.10.04"]
[EventType "team-tourn"]
[EventRounds "11"]
[EventCountry "SVK"]
[SourceTitle "EXT 2017"]
[Source "ChessBase"]
[SourceDate "2016.10.25"]
[SourceVersion "1"]
[SourceVersionDate "2016.10.25"]
[SourceQuality "1"]
[WhiteTeam "Vrbove III"]
[BlackTeam "Senica SK II"]
[WhiteTeamCountry "SVK"]
[BlackTeamCountry "SVK"]

1. e4 e5 2. Nf3 Nc6 3. Bc4 Bc5 4. b4 Bxb4 5. c3 Be7 6. d4 Nf6 7. dxe5 Nxe4 8. Qd5 0-0 9. Qxe4 d6 10. 0-0 Re8 11. e6 fxe6 12. Bxe6+ Bxe6 13. Qxe6+ Kh8 14. Qg4 Bf6 15. Bg5 Ne5 16. Nxe5 Rxe5 17. Bxf6 Qxf6 18. Nd2 Rae8 19. Nf3 Re4 20. Rfe1 Qxc3 1/2-1/2

[Event "SVK-chT4 A21 1516"]
[Site "Slovakia"]
[Date "2016.02.07"]
[Round "8.4"]
[White "Ulehla, Jakub"]
[Black "Podjavorinsky, Peter"]
[Result "1/2-1/2"]
[WhiteElo "1645"]
[BlackElo "1690"]
[PlyCount "63"]
[EventDate "2015.10.04"]
[EventType "team-tourn"]
[EventRounds "11"]
[EventCountry "SVK"]
[SourceTitle "EXT 2017"]
[Source "ChessBase"]
[SourceDate "2016.10.25"]
[SourceVersion "1"]
[SourceVersionDate "2016.10.25"]
[SourceQuality "1"]
[WhiteTeam "Senica CVC II"]
[BlackTeam "Vrbove III"]
[WhiteTeamCountry "SVK"]
[BlackTeamCountry "SVK"]

1. e4 a6 2. d4 b5 3. Nf3 Bb7 4. Bd3 Nf6 5. Nbd2 e6 6. 0-0 c5 7. c3 cxd4 8. cxd4 Be7 9. b3 0-0 10. Bb2 Nc6 11. Rc1 Qb6 12. Qe2 Rac8 13. Bb1 g6 14. Rfd1 Rfe8 15. Nf1 Nh5 16. Qd2 Na7 17. Ng3 Nxg3 18. hxg3 Rxc1 19. Rxc1 Rc8 20. Qf4 Rxc1+ 21. Bxc1 Qd8 22. Bb2 Nc8 23. d5 exd5 24. exd5 Nd6 25. Qd4 f6 26. Be4 Qe8 27. Nh2 Nxe4 28. Qxe4 Qf7 29. Ng4 Qxd5 30. Qxd5+ Bxd5 31. Nxf6+ Bxf6 32. Bxf6 1/2-1/2

[Event "SVK-chT3A2 1516"]
[Site "Slovakia"]
[Date "2016.01.31"]
[Round "7.3"]
[White "Podjavorinsky, Peter"]
[Black "Palka, Miroslav"]
[Result "1/2-1/2"]
[WhiteElo "1677"]
[BlackElo "1900"]
[PlyCount "68"]
[EventDate "2015.10.11"]
[EventType "team-tourn"]
[EventRounds "11"]
[EventCountry "SVK"]
[SourceTitle "EXT 2020"]
[Source "ChessBase"]
[SourceDate "2019.10.17"]
[SourceVersion "1"]
[SourceVersionDate "2019.10.17"]
[SourceQuality "1"]
[WhiteTeam "Vrbove"]
[BlackTeam "Senica SK"]
[WhiteTeamCountry "SVK"]
[BlackTeamCountry "SVK"]

1. e4 c5 2. Nf3 d6 3. Bc4 Nf6 4. Nc3 g6 5. 0-0 Bg7 6. e5 dxe5 7. Nxe5 0-0 8. d3 a6 9. a4 Qc7 10. Bf4 Qd8 11. Bg5 Nbd7 12. Nxd7 Bxd7 13. h3 Bc6 14. Qd2 Qd7 15. Rfe1 Rfe8 16. a5 e6 17. Bxf6 Bxf6 18. Ne4 Bg7 19. Nxc5 Qd4 20. Na4 Rad8 21. Qe3 Qh4 22. c3 Bh6 23. Qg3 Qf6 24. Nc5 Bf4 25. Qg4 h5 26. Qe2 Bxg2 27. Ne4 Bxe4 28. Qxe4 Qg5+ 29. Qg2 Qf5 30. Re4 Re7 31. Rae1 Red7 32. Rxe6 Kf8 33. R6e4 g5 34. d4 Qf6 1/2-1/2

[Event "SVK-chT4 A21 1516"]
[Site "Slovakia"]
[Date "2016.01.10"]
[Round "6.3"]
[White "Podjavorinsky, Peter"]
[Black "Kovarik, Otto"]
[Result "1-0"]
[WhiteElo "1694"]
[BlackElo "1820"]
[PlyCount "46"]
[EventDate "2015.10.04"]
[EventType "team-tourn"]
[EventRounds "11"]
[EventCountry "SVK"]
[SourceTitle "CBM 170 Extra"]
[Source "ChessBase"]
[SourceDate "2016.02.25"]
[SourceVersion "1"]
[SourceVersionDate "2016.02.25"]
[SourceQuality "1"]
[WhiteTeam "Vrbove III"]
[BlackTeam "Holic"]
[WhiteTeamCountry "SVK"]
[BlackTeamCountry "SVK"]

1. e4 c5 2. Nc3 e6 3. Bc4 a6 4. a4 Nc6 5. Nf3 d6 6. d4 Qc7 7. d5 Nd8 8. 0-0 Be7 9. Ng5 h6 10. Nxf7 Kxf7 11. f4 Nf6 12. dxe6+ Bxe6 13. Bxe6+ Nxe6 14. Nd5 Qc6 15. Nxf6 Bxf6 16. e5 Be7 17. f5 Ng5 18. Qh5+ Kg8 19. f6 Bf8 20. Bxg5 dxe5 21. fxg7 Bxg7 22. Qf7+ Kh7 23. Rf6 Qe8 1-0

[Event "SVK-chT4A21 1314"]
[Site "Slovakia"]
[Date "2014.01.26"]
[Round "7.4"]
[White "Podjavorinsky, Peter"]
[Black "Bartos, Bohumil"]
[Result "1-0"]
[WhiteElo "1707"]
[BlackElo "1507"]
[PlyCount "109"]
[EventDate "2013.10.06"]
[EventType "team-tourn"]
[EventRounds "11"]
[EventCountry "SVK"]
[SourceTitle "EXT 2022"]
[Source "ChessBase"]
[SourceDate "2021.10.06"]
[SourceVersion "1"]
[SourceVersionDate "2021.10.06"]
[SourceQuality "1"]
[WhiteTeam "Vrbove III"]
[BlackTeam "Skalica II"]
[WhiteTeamCountry "SVK"]
[BlackTeamCountry "SVK"]

1. e4 c5 2. Nf3 Nc6 3. d4 cxd4 4. Nxd4 Nf6 5. Nc3 e5 6. Nf3 Bb4 7. Bc4 Bxc3+ 8. bxc3 0-0 9. Ba3 Qa5 10. Bxf8 Qxc3+ 11. Nd2 Kxf8 12. 0-0 Nxe4 13. Qh5 Nd6 14. Ne4 Qxc4 15. Nxd6 Qe6 16. Nxc8 Rxc8 17. Qxh7 Qh6 18. Qf5 Qe6 19. Qh5 Ke7 20. Rfe1 d6 21. f4 g6 22. Qh4+ Qf6 23. Qg3 Rh8 24. fxe5 Nxe5 25. Rad1 Rh5 26. Qb3 b6 27. Qd5 Qe6 28. Qb7+ Qd7 29. Qa6 f6 30. Qc4 Qe6 31. Qc7+ Qd7 32. Qb8 Rg5 33. Qa8 Kf7 34. Rd4 Nc6 35. Rd2 Re5 36. Red1 Re6 37. Qh8 Ne5 38. Rd4 g5 39. Qh3 Ke7 40. Rf1 Qe8 41. Rfd1 Qg6 42. Qa3 Qxc2 43. Qxa7+ Nd7 44. Qa3 Qc5 45. Qxc5 bxc5 46. R4d2 Ne5 47. a4 Nc6 48. Kf2 Kd7 49. Re2 Rxe2+ 50. Kxe2 c4 51. g3 Ne5 52. h4 Nd3 53. Rxd3 cxd3+ 54. Kxd3 gxh4 55. gxh4 1-0

[Event "SVK-chT4A21 1213"]
[Site "Slovakia"]
[Date "2012.11.25"]
[Round "4.4"]
[White "Podjavorinsky, Michal"]
[Black "Podjavorinsky, Peter"]
[Result "1/2-1/2"]
[WhiteElo "1681"]
[BlackElo "1720"]
[PlyCount "72"]
[EventDate "2012.10.14"]
[EventType "team-tourn"]
[EventRounds "11"]
[EventCountry "SVK"]
[SourceTitle "EXT 2022"]
[Source "ChessBase"]
[SourceDate "2021.10.06"]
[SourceVersion "1"]
[SourceVersionDate "2021.10.06"]
[SourceQuality "1"]
[WhiteTeam "Vrbove II"]
[BlackTeam "Vrbove"]
[WhiteTeamCountry "SVK"]
[BlackTeamCountry "SVK"]

1. d4 Nf6 2. Nc3 g6 3. e4 d6 4. Bg5 Bg7 5. Nf3 0-0 6. Qd2 c6 7. Bh6 Bg4 8. Bxg7 Kxg7 9. Be2 Qb6 10. 0-0-0 Nbd7 11. h3 Bxf3 12. Bxf3 c5 13. h4 cxd4 14. Qxd4 Qxd4 15. Rxd4 h5 16. Nd5 Nxd5 17. exd5 Rfc8 18. g4 Ne5 19. Be2 hxg4 20. Bxg4 Nxg4 21. Rxg4 Rc5 22. h5 Rxd5 23. hxg6 fxg6 24. Rhg1 g5 25. f4 Kg6 26. fxg5 Rg8 27. Re4 Re5 28. Ree1 Rxe1+ 29. Rxe1 e5 30. Kd2 Rh8 31. Rf1 Kxg5 32. Rf7 Rh2+ 33. Kd3 d5 34. Rxb7 Rh3+ 35. Kd2 Rh2+ 36. Kd3 Rh3+ 1/2-1/2

[Event "Senica op 4th"]
[Site "Senica"]
[Date "2012.08.07"]
[Round "9"]
[White "Podjavorinsky, Peter"]
[Black "Podjavorinsky, Michal"]
[Result "1-0"]
[WhiteElo "1712"]
[BlackElo "1433"]
[PlyCount "43"]
[EventDate "2012.08.03"]
[EventType "swiss"]
[EventRounds "9"]
[EventCountry "SVK"]
[SourceTitle "EXT 2014"]
[Source "ChessBase"]
[SourceDate "2013.11.20"]
[SourceVersion "1"]
[SourceVersionDate "2013.11.20"]
[SourceQuality "1"]

1. e4 d5 2. exd5 Qxd5 3. Nf3 Bg4 4. Nc3 Qa5 5. h3 Bxf3 6. Qxf3 c6 7. d4 Nf6 8. Bd2 Qb6 9. Bd3 Qxd4 10. 0-0 e6 11. Rad1 Qb6 12. Rfe1 Be7 13. Qg3 Nh5 14. Qe5 Qc5 15. Qc7 Nd7 16. Qxb7 Qb6 17. Qxa8+ Nb8 18. Be3 Qxb2 19. Qxa7 Bd6 20. Ne4 Qe5 21. Nxd6+ Qxd6 22. Be2 1-0